[Event "WYCC 2018 O18"]
[Site "Halkidiki"]
[Date "2018.10.23"]
[Round "5"]
[White "Galiana Fernandez, Adrian"]
[Black "Muha, Miljenko"]
[Result "0-1"]
[WhiteElo "2261"]
[BlackElo "2365"]
[Annotator "NA"]
[PlyCount "110"]
[EventDate "2018.10.20"]
[EventType "swiss"]
[EventCountry "GRE"]
[SourceTitle "playchess.com"]
[Source "ChessBase"]
[SourceQuality "1"]
[TimeControl "40/5400+30:1800+30"]

1. e4 {[%emt 0:00:00]} e5 {[%emt 0:00:00]} 2. Nf3 {[%emt 0:00:00]} Nc6 {[%emt 0:00:00]} 3. Bb5 {[%emt 0:00:00]} a6 {[%emt 0:00:00]} 4. Bxc6 {[%emt 0:00:05]} dxc6 {[%emt 0:00:35]} 5. O-O {[%emt 0:00:07]} Qf6 {[%emt 0:02:11]} 6. d4 {[%emt 0:00:43]} exd4 {[%emt 0:00:52]} 7. Bg5 {[%emt 0:00:05]} Qd6 {[%emt 0:00:23]} 8. Nxd4 {[%emt 0:00:07]} Be7 {[%emt 0:00:26]} 9. Bxe7 {[%emt 0:00:07]} Nxe7 {[%emt 0:00:15]} 10. Nc3 {[%emt 0:00:05]} Bd7 {[%emt 0:02:14] LiveBook: 70 Games} 11. Nb3 {[%emt 0:00:07]} Qxd1 {[%emt 0:03:37]} 12. Raxd1 {[%emt 0:00:30]} b6 {[%emt 0:00:30]} 13. Nd2 {[%emt 0:00:06]} O-O-O {[%emt 0:02:47]} 14. f4 {[%emt 0:00:06]} f6 {[%emt 0:16:43]} 15. Nf3 {[%emt 0:03:42]} Rhe8 {[%emt 0:02:47]} 16. Kf2 {[%emt 0:02:39]} c5 {[%emt 0:01:50]} 17. Rfe1 {[%emt 0:11:38]} Bc6 {[%emt 0:02:59]} 18. Rxd8+ {[%emt 0:04:03]} Kxd8 {[%emt 0:00:09]} 19. a4 {[%emt 0:01:03]} Ng6 {[%emt 0:16:55]} 20. g3 {[%emt 0:00:36]} a5 {[%emt 0:00:45]} 21. b3 {[%emt 0:00:54]} Kc8 {[%emt 0:10:34]} 22. Nd2 {[%emt 0:03:34]} Nf8 {[%emt 0:01:29]} 23. f5 {[%emt 0:18:21]} Nd7 {[%emt 0:01:34]} 24. Nd5 {[%emt 0:03:33]} Ne5 {[%emt 0:01:50]} 25. Nf4 {[%emt 0:06:33]} c4 {[%emt 0:03:47]} 26. Ke3 {[%emt 0:13:12]} Rd8 {[%emt 0:12:47]} (26... g6 $15 27. h3 gxf5) 27. Nxc4 {[%emt 0:05:34]} Nxc4+ {[%emt 0:01:09]} 28. bxc4 {[%emt 0:00:02]} Bxa4 {[%emt 0:00:10]} 29. Ne6 {[%emt 0:00:09]} Rd7 {[%emt 0:01:59]} 30. c5 {[%emt 0:01:04]} Kb7 {[%emt 0:02:07]} 31. Rb1 {[%emt 0:00:22]} Ka6 {[%emt 0:02:27]} 32. c4 {[%emt 0:03:00]} Re7 {[%emt 0:04:45]} 33. cxb6 {[%emt 0:01:33]} cxb6 {[%emt 0:00:05]} 34. c5 {[%emt 0:00:08]} b5 {[%emt 0:02:12]} 35. c6 {[%emt 0:00:04]} Kb6 {[%emt 0:01:20]} 36. Rc1 {[%emt 0:14:22]} Bb3 {[%emt 0:00:16]} 37. c7 {[%emt 0:00:06]} Bxe6 {[%emt 0:00:19]} 38. fxe6 {[%emt 0:00:26]} Rxc7 {[%emt 0:00:05]} 39. Rd1 {[%emt 0:00:40]} Re7 {[%emt 0:02:03]} 40. Rd6+ {[%emt 0:00:00]} Kc5 {[%emt 0:00:00]} 41. Ra6 {[%emt 0:06:02]} a4 $19 {[%emt 0:07:27]} 42. Kd3 {[%emt 0:00:11]} Re8 {[%emt 0:03:04]} 43. e5 {[%emt 0:00:04]} fxe5 {[%emt 0:05:58]} 44. Ke4 {[%emt 0:00:05]} b4 {[%emt 0:03:37]} 45. Ra5+ {[%emt 0:03:41]} Kc4 {[%emt 0:00:54]} 46. Kxe5 {[%emt 0:00:06]} a3 {[%emt 0:02:11]} 47. Kd6 {[%emt 0:00:04]} Kb3 {[%emt 0:01:17]} 48. Kd7 {[%emt 0:00:07]} Rh8 {[%emt 0:01:00]} 49. Rf5 {[%emt 0:00:39]} a2 {[%emt 0:00:15]} 50. Rf3+ {[%emt 0:02:41]} Kb2 {[%emt 0:00:24]} 51. Rf2+ {[%emt 0:00:07]} Ka3 {[%emt 0:00:14]} 52. Rf1 {[%emt 0:00:05]} b3 {[%emt 0:01:20]} 53. e7 {[%emt 0:00:06]} Rb8 {[%emt 0:00:48]} 54. Rc1 {[%emt 0:02:05]} Kb2 {[%emt 0:00:37]} 55. Rc8 {[%emt 0:00:10]} Rxc8 {[%emt 0:00:16]} 0-1

[Event "WYCC 2018 O18"]
[Site "Halkidiki"]
[Date "2018.10.23"]
[Round "5"]
[White "Ozates, Tuna"]
[Black "Bilic, Milanko"]
[Result "1-0"]
[WhiteElo "2225"]
[BlackElo "2009"]
[Annotator "NA"]
[PlyCount "87"]
[EventDate "2018.10.20"]
[EventType "swiss"]
[EventCountry "GRE"]
[SourceTitle "playchess.com"]
[Source "ChessBase"]
[SourceQuality "1"]
[TimeControl "40/5400+30:1800+30"]

1. e4 {[%emt 0:00:00]} c5 {[%emt 0:00:06]} 2. Nf3 {[%emt 0:00:00]} d6 {[%emt 0:00:04]} 3. d4 {[%emt 0:00:00]} cxd4 {[%emt 0:00:04]} 4. Nxd4 {[%emt 0:00:00]} Nf6 {[%emt 0:00:08]} 5. Nc3 {[%emt 0:00:00]} a6 {[%emt 0:00:05]} 6. Be3 {[%emt 0:00:00]} e6 {[%emt 0:00:11]} 7. f3 {[%emt 0:00:00]} b5 {[%emt 0:00:05]} 8. Qd2 {[%emt 0:00:03]} Nbd7 {[%emt 0:02:34]} 9. g4 {[%emt 0:00:19]} Nb6 {[%emt 0:00:16]} 10. g5 {[%emt 0:03:17] LiveBook: 30 Games} Nfd7 {[%emt 0:00:06]} 11. a3 {[%emt 0:17:01] B80: Sicilian Scheveningen: 6 g3 and 6 Be3, including English Attack} Bb7 {[%emt 0:00:33]} 12. h4 {[%emt 0:01:26]} Be7 {[%emt 0:15:12]} 13. h5 {[%emt 0:07:05]} (13. Rg1 Rc8 14. h5 Ne5 15. b3 Qc7 16. Nce2 g6 {0-1 (30) Raja,H (2420)-Moroni,L (2530) Zuerich 2017}) 13... Ne5 {[%emt 0:17:17]} 14. b3 {[%emt 0:27:40]} d5 $146 {[%emt 0:06:48]} ({Predecessor:} 14... Rc8 15. Bh3 Qc7 16. Nce2 Nxf3+ 17. Nxf3 Bxe4 {1-0 (49) Filipi,S (2072)-Fojtu,P (2170) Czechia 2008}) 15. f4 {[%emt 0:05:32]} Ng4 {[%emt 0:10:11]} 16. e5 {[%emt 0:00:05]} Nxe3 {[%emt 0:01:29]} 17. Qxe3 {[%emt 0:00:02]} Rc8 {[%emt 0:01:10]} 18. Nce2 $16 {[%emt 0:00:29]} Nd7 {[%emt 0:09:11]} 19. Bh3 {[%emt 0:02:21]} Nc5 {[%emt 0:01:53]} 20. O-O-O {[%emt 0:12:10]} Ne4 {[%emt 0:02:44]} 21. Kb2 {[%emt 0:00:50]} g6 {[%emt 0:11:37]} 22. hxg6 {[%emt 0:00:26]} hxg6 {[%emt 0:00:07]} 23. Bxe6 {[%emt 0:00:55]} Rxh1 {[%emt 0:01:20]} 24. Rxh1 {[%emt 0:00:07]} Bxa3+ {[%emt 0:01:54]} 25. Kb1 {[%emt 0:00:12]} Rc7 {[%emt 0:04:38]} 26. Bg4 {[%emt 0:03:36]} Bc8 {[%emt 0:01:22]} 27. Rh8+ {[%emt 0:00:43]} Bf8 {[%emt 0:00:05]} 28. e6 {[%emt 0:03:43]} fxe6 {[%emt 0:00:17]} 29. Bf3 {[%emt 0:00:53]} Kf7 {[%emt 0:06:03]} 30. Bxe4 {[%emt 0:08:04]} dxe4 {[%emt 0:00:01]} 31. Qh3 {[%emt 0:00:09]} Ke8 {[%emt 0:06:11]} 32. Qh6 {[%emt 0:02:16]} Qe7 {[%emt 0:00:28]} 33. Qxg6+ {[%emt 0:00:17]} Qf7 {[%emt 0:00:09]} 34. Qxe4 {[%emt 0:00:14]} Qg7 {[%emt 0:01:20]} 35. Nxe6 {[%emt 0:05:22]} Bxe6 {[%emt 0:00:13]} 36. Qxe6+ {[%emt 0:00:04]} Re7 {[%emt 0:00:13]} 37. Qc6+ {[%emt 0:01:07]} Rd7 {[%emt 0:01:12]} 38. Qa8+ {[%emt 0:00:35]} Kf7 {[%emt 0:00:42]} 39. g6+ {[%emt 0:01:01]} Ke7 {[%emt 0:00:50]} 40. Qe4+ {[%emt 0:00:00]} Kd8 {[%emt 0:00:00]} 41. Rh7 {[%emt 0:01:51]} Rd1+ {[%emt 0:08:59]} 42. Nc1 {[%emt 0:00:07]} Rxc1+ {[%emt 0:00:23]} 43. Kxc1 {[%emt 0:00:06]} Qa1+ {[%emt 0:00:10]} 44. Kd2 {[%emt 0:00:04]} 1-0

[Event "WYCC 2018 O18"]
[Site "Halkidiki"]
[Date "2018.10.23"]
[Round "5"]
[White "Tsomaia, Nikoloz"]
[Black "Agmanov, Zhandos"]
[Result "0-1"]
[WhiteElo "2201"]
[BlackElo "2354"]
[Annotator "NA"]
[PlyCount "96"]
[EventDate "2018.10.20"]
[EventType "swiss"]
[EventCountry "GRE"]
[SourceTitle "playchess.com"]
[Source "ChessBase"]
[SourceQuality "1"]
[TimeControl "40/5400+30:1800+30"]

1. e4 {[%emt 0:00:00]} e6 {[%emt 0:00:00]} 2. d4 {[%emt 0:00:00]} d5 {[%emt 0:00:00]} 3. e5 {[%emt 0:00:00]} c5 {[%emt 0:02:59]} 4. c3 {[%emt 0:00:34]} Nc6 {[%emt 0:00:12]} 5. Nf3 {[%emt 0:00:38]} Bd7 {[%emt 0:00:06]} 6. a3 {[%emt 0:04:20]} c4 {[%emt 0:02:22]} 7. Be2 {[%emt 0:03:43]} Na5 {[%emt 0:04:34]} 8. Nbd2 {[%emt 0:00:07] C02: French: Advance Variation} Nh6 {[%emt 0:00:13]} 9. O-O {[%emt 0:01:54]} Be7 {[%emt 0:00:51]} 10. Rb1 {[%emt 0:00:43]} O-O {[%emt 0:00:30]} 11. Re1 {[%emt 0:04:12]} Qe8 $146 {[%emt 0:03:28]} ({Predecessor:} 11... Rc8 12. Qc2 f5 13. exf6 Bxf6 14. Nf1 Be8 15. Bxh6 Bg6 {1-0 (39) Markgraf,A (2268)-Storjohann,K (1796) Bad Lauterberg 2003}) 12. Bf1 {[%emt 0:04:49]} Ba4 {[%emt 0:02:41]} 13. Qe2 {[%emt 0:00:10]} a6 {[%emt 0:06:23]} 14. g3 {[%emt 0:16:33]} Kh8 {[%emt 0:04:19]} 15. Bg2 {[%emt 0:02:21]} Bc2 {[%emt 0:04:16]} 16. Nxc4 {[%emt 0:08:57]} Bxb1 {[%emt 0:00:27]} 17. Nxa5 {[%emt 0:00:24]} b6 {[%emt 0:09:15]} 18. Bxh6 {[%emt 0:00:35]} gxh6 {[%emt 0:05:08]} 19. Rxb1 {[%emt 0:00:10]} bxa5 {[%emt 0:00:05]} 20. Qe3 {[%emt 0:08:15]} Kg7 {[%emt 0:08:27]} 21. Bf1 {[%emt 0:08:22]} Rb8 {[%emt 0:00:49]} 22. Bd3 {[%emt 0:00:26]} Rb6 {[%emt 0:00:53]} 23. h4 {[%emt 0:01:08]} f5 {[%emt 0:07:33]} 24. exf6+ {[%emt 0:00:42]} Bxf6 {[%emt 0:00:11]} 25. Qf4 $11 {[%emt 0:11:05]} ({White should try} 25. Bc2 $16) 25... Qb8 {[%emt 0:01:57]} 26. Qg4+ {[%emt 0:00:58]} Kh8 {[%emt 0:00:08]} 27. Re1 {[%emt 0:00:59]} Qe8 {[%emt 0:08:34]} 28. Re2 {[%emt 0:02:34]} Qf7 {[%emt 0:01:25]} 29. Kg2 {[%emt 0:04:20]} Bg7 {[%emt 0:01:50]} 30. h5 {[%emt 0:03:40]} Rfb8 {[%emt 0:04:29]} 31. b4 {[%emt 0:04:26]} Rc6 {[%emt 0:00:31]} 32. c4 {[%emt 0:04:39]} axb4 {[%emt 0:01:01]} 33. cxd5 {[%emt 0:01:07]} exd5 {[%emt 0:00:15]} 34. axb4 {[%emt 0:00:37]} Rxb4 {[%emt 0:01:06]} 35. Rc2 {[%emt 0:03:18]} Rxc2 {[%emt 0:01:52]} 36. Bxc2 {[%emt 0:00:01]} a5 {[%emt 0:08:53]} 37. Qc8+ {[%emt 0:00:04]} Qf8 {[%emt 0:00:08]} 38. Qd7 {[%emt 0:01:31]} Rb2 {[%emt 0:01:32]} 39. Bf5 {[%emt 0:00:16]} Rb6 {[%emt 0:01:18]} 40. Ne5 {[%emt 0:00:00]} Rf6 {[%emt 0:00:00]} 41. Bd3 {[%emt 0:12:24]} Rxf2+ {[%emt 0:01:08]} 42. Kh3 {[%emt 0:00:03]} a4 {[%emt 0:03:11]} 43. Qxd5 {[%emt 0:03:11]} a3 {[%emt 0:00:21]} 44. Qe4 {[%emt 0:00:35]} Qf5+ {[%emt 0:00:47]} 45. Qxf5 {[%emt 0:03:56]} Rxf5 {[%emt 0:00:01]} 46. Bxf5 {[%emt 0:00:11]} a2 {[%emt 0:00:14]} 47. Nf7+ {[%emt 0:00:28]} Kg8 {[%emt 0:00:05]} 48. Nxh6+ {[%emt 0:00:11]} Kf8 {[%emt 0:00:01]} 0-1

[Event "WYCC 2018 O18"]
[Site "Halkidiki"]
[Date "2018.10.23"]
[Round "5"]
[White "Petersson, Baldur Teodor"]
[Black "Bronstein, Or"]
[Result "0-1"]
[WhiteElo "2195"]
[BlackElo "2385"]
[Annotator "NA"]
[PlyCount "88"]
[EventDate "2018.10.20"]
[EventType "swiss"]
[EventCountry "GRE"]
[SourceTitle "playchess.com"]
[Source "ChessBase"]
[SourceQuality "1"]
[TimeControl "40/5400+30:1800+30"]

1. e4 {[%emt 0:00:00]} c5 {[%emt 0:00:00]} 2. Nc3 {[%emt 0:00:00]} d6 {[%emt 0:00:00]} 3. g3 {[%emt 0:00:01]} Nc6 {[%emt 0:00:00]} 4. Bg2 {[%emt 0:00:06]} g6 {[%emt 0:00:00]} 5. d3 {[%emt 0:00:06]} Bg7 {[%emt 0:00:01]} 6. f4 {[%emt 0:00:18]} Nf6 {[%emt 0:00:08]} 7. Nf3 {[%emt 0:00:08]} O-O {[%emt 0:00:05]} 8. O-O {[%emt 0:00:06]} Rb8 {[%emt 0:00:02]} 9. h3 {[%emt 0:00:21]} b5 {[%emt 0:00:06]} 10. a3 {[%emt 0:00:04]} a5 {[%emt 0:00:03]} 11. g4 {[%emt 0:00:20]} b4 {[%emt 0:00:08]} 12. axb4 {[%emt 0:00:05]} axb4 {[%emt 0:00:02]} 13. Ne2 {[%emt 0:00:08]} Bb7 {B25: Closed Sicilian: 3 g3, lines without early Be3} 14. Be3 {[%emt 0:02:39]} Nd7 {[%emt 0:08:13]} 15. Rb1 {[%emt 0:00:08]} Ra8 {[%emt 0:00:39]} 16. b3 {[%emt 0:02:31]} Ra2 {[%emt 0:05:11]} 17. f5 $146 {[%emt 0:00:34]} ({Predecessor:} 17. Nc1 Ra6 18. Qe1 e6 {0-1 (49) Chernov,V (2405)-Fedorov,A (2595) Kishinev 1998}) 17... Nde5 {[%emt 0:01:29]} 18. Nxe5 {[%emt 0:06:11]} Bxe5 {[%emt 0:00:26]} 19. Bh6 {[%emt 0:03:19]} Re8 {[%emt 0:16:45]} 20. h4 {[%emt 0:09:07]} e6 {[%emt 0:21:31]} 21. fxe6 {[%emt 0:09:13]} fxe6 {[%emt 0:00:15]} 22. Bg5 {[%emt 0:00:14]} Qd7 {[%emt 0:05:46]} 23. Qd2 {[%emt 0:03:14]} Bg7 {[%emt 0:01:26]} 24. Bf6 {[%emt 0:03:42]} Ne5 {[%emt 0:03:01]} 25. g5 {[%emt 0:04:06]} d5 {[%emt 0:00:51]} 26. Bxg7 {[%emt 0:09:42]} Qxg7 {[%emt 0:00:03]} 27. d4 {[%emt 0:03:37]} cxd4 {[%emt 0:05:40]} 28. Nxd4 {[%emt 0:01:05]} dxe4 {[%emt 0:11:19]} 29. Qxb4 {[%emt 0:08:59]} Ng4 {[%emt 0:00:14]} (29... Bd5 $15 30. Qc5 Raa8) 30. Rf4 {[%emt 0:04:43]} Ne3 $11 {[%emt 0:01:13]} 31. Qb5 {[%emt 0:16:19]} Raa8 {[%emt 0:02:59]} 32. Rf6 {[%emt 0:00:44]} Qc7 {[%emt 0:01:08]} 33. Qe2 {[%emt 0:04:27]} Nd5 {[%emt 0:01:56]} 34. Qxe4 {[%emt 0:03:12]} Nxf6 {[%emt 0:00:34]} 35. Qxb7 {[%emt 0:00:02]} Qc5 {[%emt 0:02:53]} 36. c3 {[%emt 0:00:05]} Qxc3 {[%emt 0:00:20]} 37. Nb5 {[%emt 0:03:33]} Qe3+ {[%emt 0:00:07]} 38. Kh1 {[%emt 0:00:05]} Ng4 {[%emt 0:01:04]} 39. Qf3 {[%emt 0:01:05]} Ra1 {[%emt 0:07:04]} 40. Qxe3 {[%emt 0:00:00]} Rxb1+ {[%emt 0:00:00]} 41. Qg1 {[%emt 0:03:32]} Rxg1+ {[%emt 0:00:06]} 42. Kxg1 {[%emt 0:00:04]} Rb8 {[%emt 0:00:52]} 43. Bc6 {[%emt 0:00:49]} Ne5 {[%emt 0:00:09]} 44. Nd4 {[%emt 0:00:27]} Rb4 {[%emt 0:00:16]} 0-1

[Event "WYCC 2018 O18"]
[Site "Halkidiki"]
[Date "2018.10.23"]
[Round "5"]
[White "Goncalves, Davi Sulzbacher"]
[Black "Roshka, Yevgeniy"]
[Result "1-0"]
[WhiteElo "2177"]
[BlackElo "2328"]
[Annotator "NA"]
[PlyCount "109"]
[EventDate "2018.10.20"]
[EventType "swiss"]
[EventCountry "GRE"]
[SourceTitle "playchess.com"]
[Source "ChessBase"]
[SourceQuality "1"]
[TimeControl "40/5400+30:1800+30"]

1. d4 {[%emt 0:00:00]} d6 {[%emt 0:00:00]} 2. Nf3 {[%emt 0:00:28]} g6 {[%emt 0:00:00]} 3. c4 {[%emt 0:00:49]} Bg7 {[%emt 0:00:00]} 4. Nc3 {[%emt 0:00:13]} Nd7 {[%emt 0:01:20]} 5. g3 {[%emt 0:02:35]} e5 {[%emt 0:00:04]} 6. Bg2 {[%emt 0:03:01]} Ne7 {[%emt 0:00:06]} 7. O-O {[%emt 0:00:51]} O-O {[%emt 0:00:07]} 8. e4 {[%emt 0:00:45]} exd4 {[%emt 0:00:04]} 9. Nxd4 {[%emt 0:00:19]} Nc6 {[%emt 0:00:02]} 10. Nde2 {[%emt 0:07:26]} Nc5 {[%emt 0:00:31] LiveBook: 54 Games} 11. Be3 {[%emt 0:02:16] A42: Modern Defence: Averbakh Variation} f5 {[%emt 0:04:15]} 12. Nf4 $146 {[%emt 0:15:26]} ({Predecessor:} 12. exf5 Bxf5 13. Nd4 Nxd4 14. Bxd4 a5 15. Nd5 Qd7 16. Re1 Rae8 17. Qd2 Ne4 18. Bxe4 Bxe4 19. Bxg7 Qxg7 {½-½ (49) Svidler,P (2753)-Guseinov,G (2613) Dubai 2014}) 12... Kh8 {[%emt 0:03:31]} 13. Bxc5 {[%emt 0:13:48]} dxc5 {[%emt 0:00:07]} 14. Qxd8 {[%emt 0:00:16]} Nxd8 {[%emt 0:04:54]} 15. Nd3 {[%emt 0:05:24]} Be6 {[%emt 0:08:37]} 16. Nd5 {[%emt 0:04:16]} fxe4 {[%emt 0:13:24]} 17. Nxc5 {[%emt 0:03:40]} Bxd5 {[%emt 0:00:31]} 18. cxd5 {[%emt 0:00:10]} Bxb2 {[%emt 0:02:43]} 19. Rad1 {[%emt 0:01:23]} Ba3 {[%emt 0:00:33]} 20. Nxe4 {[%emt 0:01:52]} Nf7 {[%emt 0:03:57]} 21. f4 {[%emt 0:06:11]} Rfe8 {[%emt 0:09:43]} 22. Rd3 {[%emt 0:01:47]} Bd6 {[%emt 0:02:23]} 23. h4 {[%emt 0:03:02]} Re7 {[%emt 0:01:12]} 24. Bf3 {[%emt 0:04:40]} Kg7 {[%emt 0:01:55]} 25. Rc1 {[%emt 0:06:46]} Rae8 {[%emt 0:01:39]} 26. Rd4 {[%emt 0:00:48]} Nh6 {[%emt 0:01:43]} 27. Nxd6 {[%emt 0:01:36]} cxd6 {[%emt 0:00:01]} 28. g4 {[%emt 0:00:35]} Re1+ {[%emt 0:00:39]} 29. Rxe1 {[%emt 0:00:09]} Rxe1+ {[%emt 0:00:01]} 30. Kf2 {[%emt 0:00:13]} Ra1 {[%emt 0:04:44]} 31. Rd2 {[%emt 0:00:13]} b5 {[%emt 0:01:26]} 32. Rb2 {[%emt 0:03:20]} a5 {[%emt 0:01:47]} 33. Rxb5 {[%emt 0:01:05]} Rxa2+ {[%emt 0:00:02]} 34. Kg3 {[%emt 0:00:20]} a4 {[%emt 0:00:54]} 35. Rb7+ {[%emt 0:00:22]} Kg8 {[%emt 0:04:32]} 36. Rd7 {[%emt 0:00:19]} Nf7 {[%emt 0:00:14]} 37. g5 {[%emt 0:04:15]} a3 {[%emt 0:00:57]} 38. Bg4 {[%emt 0:02:37]} Ra1 {[%emt 0:00:04]} 39. Ra7 {[%emt 0:00:32]} a2 {[%emt 0:01:07]} 40. Kg2 {[%emt 0:00:00]} Nd8 {[%emt 0:00:00]} 41. h5 {[%emt 0:09:07]} gxh5 {[%emt 0:04:20]} 42. Bxh5 {[%emt 0:00:30]} h6 {[%emt 0:03:20]} 43. g6 {[%emt 0:01:19]} Nb7 {[%emt 0:00:46]} 44. f5 {[%emt 0:01:54]} Rc1 {[%emt 0:00:33]} 45. Rxa2 {[%emt 0:00:08]} Kg7 {[%emt 0:00:04]} 46. Re2 {[%emt 0:00:41]} Nd8 {[%emt 0:10:09]} 47. Re7+ {[%emt 0:01:23]} Kf6 {[%emt 0:00:05] [#]} 48. g7 $18 {[%emt 0:00:18]} Rc2+ {[%emt 0:00:03]} 49. Kf1 {[%emt 0:00:10]} Rc1+ {[%emt 0:00:05]} 50. Kf2 {[%emt 0:00:08]} Rc2+ {[%emt 0:00:04]} 51. Be2 {[%emt 0:00:13]} Kxe7 {[%emt 0:01:35]} 52. g8=Q {[%emt 0:00:11]} Nf7 {[%emt 0:00:02]} 53. Qg6 {[%emt 0:00:39]} Ne5 {[%emt 0:01:13]} 54. f6+ {[%emt 0:00:10]} Kd7 {[%emt 0:00:26]} 55. Qxc2 {[%emt 0:00:09]} 1-0

[Event "WYCC 2018 O18"]
[Site "Halkidiki"]
[Date "2018.10.23"]
[Round "5"]
[White "Rovira Vila, Jaume"]
[Black "Alexakis, Dimitris"]
[Result "0-1"]
[WhiteElo "2156"]
[BlackElo "2186"]
[Annotator "NA"]
[PlyCount "108"]
[EventDate "2018.10.20"]
[EventType "swiss"]
[EventCountry "GRE"]
[SourceTitle "playchess.com"]
[Source "ChessBase"]
[SourceQuality "1"]
[TimeControl "40/5400+30:1800+30"]

1. e4 {[%emt 0:00:00]} c5 {[%emt 0:06:10]} 2. Nc3 {[%emt 0:00:00]} a6 {[%emt 0:00:33]} 3. g3 {[%emt 0:00:00]} b5 {[%emt 0:00:04]} 4. Bg2 {[%emt 0:00:00]} Bb7 {[%emt 0:00:04]} 5. d3 {[%emt 0:00:03]} e6 {[%emt 0:00:11]} 6. Nh3 {[%emt 0:00:10]} Nc6 {[%emt 0:05:12]} 7. O-O {[%emt 0:00:21]} d6 {[%emt 0:01:33]} 8. f4 {[%emt 0:00:46]} Nf6 {[%emt 0:00:25]} 9. Be3 {[%emt 0:01:28]} Qc7 {[%emt 0:00:25]} 10. Nf2 {[%emt 0:07:41]} O-O-O {[%emt 0:01:16]} 11. Ng4 {[%emt 0:21:07]} Nd7 {[%emt 0:04:36]} 12. a4 {[%emt 0:04:52]} b4 {[%emt 0:05:02]} 13. Ne2 {[%emt 0:00:47]} f5 {[%emt 0:53:24]} 14. Nf2 $11 {[%emt 0:06:00]} Nf6 {[%emt 0:00:30]} 15. c3 {[%emt 0:18:46]} Kb8 {[%emt 0:03:17]} 16. d4 {[%emt 0:08:11]} fxe4 {[%emt 0:13:05]} 17. Nxe4 {[%emt 0:01:15]} Nxe4 {[%emt 0:00:49]} 18. Bxe4 {[%emt 0:01:00]} d5 {[%emt 0:01:44]} 19. Bg2 {[%emt 0:01:06]} c4 {[%emt 0:00:07]} 20. cxb4 {[%emt 0:04:54]} Bxb4 {[%emt 0:00:31]} 21. Qc2 {[%emt 0:02:51]} g5 {[%emt 0:00:54]} 22. b3 {[%emt 0:05:34]} Na5 {[%emt 0:00:26]} 23. bxc4 {[%emt 0:00:53]} Nxc4 {[%emt 0:00:08]} 24. Bf2 {[%emt 0:03:23]} Rhe8 {[%emt 0:00:57]} 25. Rfc1 {[%emt 0:02:27]} Ka8 {[%emt 0:00:27]} 26. fxg5 {[%emt 0:04:25]} e5 {[%emt 0:00:30]} 27. dxe5 {[%emt 0:00:46]} Qxe5 {[%emt 0:00:05]} 28. Nf4 {[%emt 0:01:11]} Bd2 {[%emt 0:00:56]} 29. Rcb1 {[%emt 0:00:26]} Bxf4 {[%emt 0:00:35]} 30. gxf4 {[%emt 0:00:37]} Qxf4 {[%emt 0:00:20]} 31. Qxh7 {[%emt 0:00:11]} Rb8 {[%emt 0:00:42]} 32. Re1 {[%emt 0:01:34]} Rh8 {[%emt 0:00:21]} 33. Qd3 {[%emt 0:00:42]} Qxh2+ {[%emt 0:00:35]} 34. Kf1 {[%emt 0:00:05]} Rhf8 {[%emt 0:00:32]} 35. Qd4 {[%emt 0:00:16]} Rxf2+ {[%emt 0:00:22]} 36. Qxf2 {[%emt 0:00:30]} Nd2+ {[%emt 0:00:37]} 37. Ke2 {[%emt 0:01:01]} Ne4 {[%emt 0:00:30]} 38. Bxe4 {[%emt 0:01:03]} Qe5 {[%emt 0:00:07]} 39. Rab1 {[%emt 0:00:40]} dxe4 {[%emt 0:00:38]} 40. g6 {[%emt 0:00:00]} Qh5+ {[%emt 0:00:00]} 41. Kd2 {[%emt 0:13:06]} Qd5+ {[%emt 0:01:32]} 42. Kc1 {[%emt 0:02:08]} Qc6+ {[%emt 0:30:10]} 43. Qc2 {[%emt 0:04:10]} Qxg6 {[%emt 0:00:26]} 44. Rb4 {[%emt 0:05:39]} Rc8 {[%emt 0:00:39]} 45. Rc4 {[%emt 0:00:11]} Qh6+ {[%emt 0:00:26]} 46. Kb1 {[%emt 0:00:36]} Qb6+ {[%emt 0:00:21]} 47. Kc1 {[%emt 0:01:25]} Qh6+ {[%emt 0:00:39]} 48. Kb2 {[%emt 0:01:02]} Rxc4 {[%emt 0:00:17]} 49. Qxc4 {[%emt 0:00:47]} Qd2+ {[%emt 0:00:14]} 50. Kb3 {[%emt 0:00:13]} Qxe1 {[%emt 0:00:40]} 51. Qc7 {[%emt 0:00:57]} Qe3+ {[%emt 0:00:14]} 52. Kb4 {[%emt 0:00:05]} Qd4+ {[%emt 0:00:23]} 53. Ka5 {[%emt 0:01:54]} Qd2+ {[%emt 0:00:05]} 54. Kb6 {[%emt 0:00:06]} Qb4# {[%emt 0:00:08]} 0-1